000 00317nam a22001337a 4500
008 180312b xxu||||| |||| 00| 0 eng d
020 _a9780760707012
041 _aeng
080 _a030
100 _a24
101 _aGJU
245 _aDICTIONARY OF PROVERBS AND THEIR ORIGINIS
_cLINDA.R
942 _2udc
_cBK
999 _c44773
_d44773